Hunting (Record no. 6409)
[ view plain ]
| 000 -CABECERA | |
|---|---|
| campo de control de longitud fija | 00879nam a2200265 a 4500 |
| 001 - NÚMERO DE CONTROL | |
| campo de control | BRCA_6726 |
| 005 - FECHA Y HORA DE LA ÚLTIMA TRANSACCIÓN | |
| campo de control | 20190320205552.0 |
| 008 - DATOS DE LONGITUD FIJA--INFORMACIÓN GENERAL | |
| campo de control de longitud fija | 191011s1891----enk#######---#000-0#eng-# |
| 041 ## - CÓDIGO DE LENGUA | |
| Código de lengua del texto/banda sonora o título independiente | eng |
| 044 ## - CÓDIGO DEL PAÍS DE LA ENTIDAD EDITORA/PRODUCTORA | |
| Código MARC del país | enk |
| 050 #4 - SIGNATURA TOPOGRÁFICA DE LA BIBLIOTECA DEL CONGRESO | |
| Número de clasificación | SK31 |
| Número de documento/Ítem | .B43 |
| -- | 1891 |
| 245 10 - MENCIÓN DE TÍTULO | |
| Título | Hunting |
| Mención de responsabilidad, etc. | by his grace the Duke of Beaufort, K. G. and Mowbray Morris ; with illustrations by F. Sturgess and F. Charlton |
| 250 ## - MENCIÓN DE EDICIÓN | |
| Mención de edición | 6 |
| 260 ## - PUBLICACIÓN, DISTRIBUCIÓN, ETC. | |
| Lugar de publicación, distribución, etc. | Londres |
| Nombre del editor, distribuidor, etc. | Longmans, Green and Co. |
| Fecha de publicación, distribución, etc. | 1891 |
| 300 ## - DESCRIPCIÓN FÍSICA | |
| Extensión | xii, 373 p. |
| Otras características físicas | il. (algunas a color) |
| Dimensiones | 20 cm. |
| 440 #0 - MENCIÓN DE SERIE/PUNTO DE ACCESO ADICIONAL--TÍTULO | |
| Título | Badminton library of sports and pastimes |
| 9 (RLIN) | 16800 |
| 500 ## - NOTA GENERAL | |
| Nota general | Incluye lista de ilustraciones, apéndice e índice alfábetico |
| 500 ## - NOTA GENERAL | |
| Nota general | I101 |
| 650 14 - PUNTO DE ACCESO ADICIONAL DE MATERIA--TÉRMINO DE MATERIA | |
| Término de materia o nombre geográfico como elemento de entrada | Caza |
| 9 (RLIN) | 16801 |
| 710 2# - PUNTO DE ACCESO ADICIONAL--NOMBRE DE ENTIDAD CORPORATIVA | |
| Nombre de entidad corporativa o nombre de jurisdicción como elemento de entrada | Morris, Mowbray |
| Término indicativo de función/relación | Coautor |
| 9 (RLIN) | 16802 |
| 710 2# - PUNTO DE ACCESO ADICIONAL--NOMBRE DE ENTIDAD CORPORATIVA | |
| Nombre de entidad corporativa o nombre de jurisdicción como elemento de entrada | Sturgess, F. |
| Término indicativo de función/relación | Ilustrador |
| 9 (RLIN) | 16803 |
| 710 2# - PUNTO DE ACCESO ADICIONAL--NOMBRE DE ENTIDAD CORPORATIVA | |
| Nombre de entidad corporativa o nombre de jurisdicción como elemento de entrada | Charlton, F. |
| Término indicativo de función/relación | Ilustrador |
| 9 (RLIN) | 16804 |
| 902 ## - CATALOGADOR | |
| Iniciales | GFM |
| 942 ## - ELEMENTOS DE PUNTO DE ACCESO ADICIONAL (KOHA) | |
| Fuente del sistema de clasificación o colocación | Library of Congress Classification |
| Tipo de ítem Koha | Libros |
| Estado de retiro | Estado de pérdida | Estado dañado | No para préstamo | Localización permanente | Ubicación/localización actual | Fecha de adquisición | Número de inventario | Total de préstamos | Signatura topográfica completa | Código de barras | Fecha visto por última vez | Precio válido a partir de | Tipo de ítem Koha |
|---|---|---|---|---|---|---|---|---|---|---|---|---|---|
| El ejemplar forma parte de la colección y puede ser consultado según las políticas vigentes. | Biblioteca del Museo Franz Mayer (Rogerio Casas-Alatriste) | Biblioteca del Museo Franz Mayer (Rogerio Casas-Alatriste) | 19/10/2011 | I101 | SK31 .B43 1891 (I101) | 7173 | 22/03/2019 | 22/03/2019 | Libros |